00262 a2200109 450000100060000008200170000610000220002324500640004525000130010926000220012230000080014462619 a297.1225 WAH aAbdul Waheed Khan aQuraan Majeed:With translation and tras in EnglishhEnglish aPara XXX bAbdul Waheed Khan a77p